000 00540nam a22001937a 4500
003 OSt
008 260422b |||||||| |||| 00| 0 eng d
082 _a635.648
_bS48S
100 _aSingh, Uma Kant.
245 _aStudies on the Response of Hybrid and Non Hybrid OKRA (Abelmoschus esculentus (L.) Moench.) to Levels of Fertilizers
260 _aSabour, Bhegalpur
_bBAC, RAU
_c2005
300 _a63p.
502 _bM. Sc.
_d2005
650 _aHorticulture
650 _aOkra
650 _aThesis
650 _aM. Sc.
942 _2ddc
_cT
999 _c50109
_d50109